Quizzes
Events
Quiz Creation
Community
Videos
Private Events
Remove Ads
Sign In
Join for FREE
Feedback
Dark Mode
Quiz Categories
Sports
Geography
Music
Movies
Television
Just For Fun
Miscellaneous
History
Literature
Language
Science
Gaming
Entertainment
Religion
Holiday
For Kids
Quiz Lab
Recent
Popular Today
Quiz Kudos Today
Editor Picks
Curator Picks
Quizzes by...
Day
Popularity
Type
Ratings
Length
Year
Community
Subscriptions
Recent Discussions
Orange Saloon
Badges
Playlists
Quests
Create
Leaderboards
Showdown
Live 5
Trivia Bingo
Activity
Puzzle Library
Sporcle Events
Private Events
Virtual Trivia
Globe League
Become a Host
Pub Owners
SporcleCon
Opinionation
Our Games
Videos
Blog
Mobile Apps
Partnerships
Remove Ads and Go Orange
Feedback
Sports
Athletes
MLB
NBA
NHL
NFL
Soccer
Sports Teams
WWE
NCAA
Football
Premier League
Basketball
Baseball
Hockey
Golf
Tennis
Cricket
Rugby
Auto Racing
Olympics
World Cup
Sports
Athletes
MLB
NBA
NHL
NFL
Soccer
Sports Teams
WWE
NCAA
Football
Premier League
Basketball
Baseball
Hockey
Golf
Tennis
Cricket
Rugby
Auto Racing
Olympics
World Cup
Random Quiz
Search Sporcle
×
Quiz Lab
Quiz Lab
Sports
Volleyball Teams
Type in answers that appear in a list
Type in answers that appear in a list
Classic
Best Score? Go Orange.
Resovia players Stats
Can you name the Resovia 2004-2010 players?
By
kalosz
7m
106 Questions
102 Plays
102 Plays
102 Plays
Comments
Comments
Give Quiz Kudos
Give Quiz Kudos
-
- Ratings
hide this ad
Replay
Link that replays current quiz
Next Quiz
Link to next quiz in quiz playlist
You Got
0%
They Got
Avg Score
52%
Avg Friend Score
Upgrade to see
Score Distribution
Jump to the score distribution portion of the page
Score
0/106
Timer
07:00
0
Plays Today
Season
Name
% Correct
2007/
08
Krzysztof Ignaczak
96.1%
2008/
09
Krzysztof Ignaczak
96.1%
2009/
10
Krzysztof Ignaczak
96.1%
2010/
11
Krzysztof Ignaczak
96.1%
2010/
11
Gyorgy Grozer
91.2%
2004/
05
Lukasz Perlowski
80.4%
2005/
06
Lukasz Perlowski
80.4%
2006/
07
Lukasz Perlowski
80.4%
2007/
08
Lukasz Perlowski
80.4%
2008/
09
Lukasz Perlowski
80.4%
2009/
10
Aleh Akhrem
80.4%
2009/
10
Lukasz Perlowski
80.4%
2010/
11
Aleh Akhrem
80.4%
2010/
11
Lukasz Perlowski
80.4%
2007/
08
Pawel Papke
78.4%
2008/
09
Pawel Papke
78.4%
2009/
10
Pawel Papke
78.4%
2008/
09
Marcin Wika
74.5%
2009/
10
Marcin Wika
74.5%
2008/
09
Pawel Woicki
73.5%
2009/
10
Wojciech Grzyb
73.5%
2009/
10
Grzegorz Kosok
73.5%
2010/
11
Wojciech Grzyb
73.5%
2010/
11
Grzegorz Kosok
73.5%
2009/
10
Mateusz Mika
71.6%
2010/
11
Mateusz Mika
71.6%
2010/
11
Rafal Buszek
70.6%
2008/
09
Mikko Oivanen
69.6%
2009/
10
Mikko Oivanen
69.6%
2007/
08
Ivan Ilic
68.6%
2008/
09
Ivan Ilic
68.6%
2009/
10
Rafael Redwitz
68.6%
2009/
10
Ivan Ilic
68.6%
2010/
11
Ivan Ilic
68.6%
2004/
05
Tomasz Jozefacki
66.7%
2005/
06
Tomasz Jozefacki
66.7%
Season
Name
% Correct
2007/
08
Tomasz Jozefacki
66.7%
2008/
09
Krzysztof Gierczynski
66.7%
2010/
11
Tomasz Jozefacki
66.7%
2010/
11
Michal Baranowicz
65.7%
2009/
10
Krzsztof Gierczynski
64.7%
2010/
11
Matej Cernic
64.7%
2007/
08
Ihosvany Hernandez
62.7%
2008/
09
Ihosvany Hernandez
62.7%
2010/
11
Ryan Millar
60.8%
2007/
08
Aleksandar Mitrovic
56.9%
2008/
09
Aleksandar Mitrovic
56.9%
2004/
05
Piotr Luka
55.9%
2005/
06
Piotr Luka
55.9%
2006/
07
Piotr Luka
55.9%
2007/
08
Piotr Luka
55.9%
2008/
09
Piotr Luka
55.9%
2009/
10
Tomasz Glod
54.9%
2010/
11
Tomasz Glod
54.9%
2008/
09
Bartosz Gawryszewski
51%
2009/
10
Bartosz Gawryszewski
51%
2007/
08
Piotr Gabrych
46.1%
2006/
07
Karel Kwasnicka
45.1%
2007/
08
Karel Kwasnicka
45.1%
2009/
10
Jakub Peszko
45.1%
2010/
11
Jakub Peszko
45.1%
2005/
06
Michal Kaczmarek
43.1%
2006/
07
Michal Kaczmarek
43.1%
2007/
08
Michal Kaczmarek
43.1%
2008/
09
Michal Kaczmarek
43.1%
2006/
07
Tomasz Kusior
42.2%
2007/
08
Tomasz Kusior
42.2%
2008/
09
Tomasz Kusior
42.2%
2009/
10
Tomasz Kusior
42.2%
2010/
11
Tomasz Kowalski
42.2%
2005/
06
Grzegorz Pilarz
41.2%
2006/
07
Grzegorz Pilarz
41.2%
Season
Name
% Correct
2009/
10
Kamil Dlugosz
41.2%
2010/
11
Kamil Dlugosz
41.2%
2004/
05
Tomasz Kozlowski
40.2%
2005/
06
Tomasz Kozlowski
40.2%
2006/
07
Tomasz Kozlowski
40.2%
2007/
08
Tomasz Kozlowski
40.2%
2010/
11
Mateusz Nozewski
39.2%
2007/
08
Dawid Gunia
37.3%
2009/
10
Ardo Kreek
35.3%
2005/
06
Dusan Kubica
34.3%
2006/
07
Dusan Kubica
34.3%
2004/
05
Tomasz Kamuda
30.4%
2005/
06
Tomasz Kamuda
30.4%
2006/
07
Tomasz Kamuda
30.4%
2005/
06
Slawomir Szczygiel
29.4%
2006/
07
Slawomir Szczygiel
29.4%
2004/
05
Stanislaw Pieczonka
28.4%
2005/
06
Stanislaw Pieczonka
28.4%
2009/
10
Lukasz Kruk
27.5%
2007/
08
Jakub Mach
26.5%
2008/
09
Jakub Mach
26.5%
2005/
06
Wojciech Gradowski
24.5%
2006/
07
Wojciech Gradowski
24.5%
2006/
07
Geir Eithun
22.5%
2004/
05
Slawomir Gerymski
21.6%
2008/
09
Patryk Strzezek
20.6%
2008/
09
Mateusz Wojtowicz
18.6%
2005/
06
Zbigniew Zielinski
16.7%
2004/
05
Piotr Podpora
15.7%
2005/
06
Miroslaw Wilk
4.9%
2004/
05
Mariusz Kuczko
3.9%
2004/
05
Wojciech Pawlowski
3.9%
2004/
05
Siergiej Zywoloznyj
3.9%
2004/
05
Pawel Kupisz
1%
Quiz Playlist
Details
Report
Send in Message
Add To Playlist
Classic:
Type in answers that appear in a list
Last Updated: Feb 16, 2017
Quiz Scoreboard
CHALLENGE
Sign Up to Join the Scoreboard
Show All
Scores
Hide
Comments
May contain spoilers
Recently Published
NBA Finals Game Top Scorers (2010s)
by flibbidy
Sports
5m
Guess the 'R' Things in 3 Words
by MSUKent
Miscellaneous
3m
Actor to Badly Drawn Movie III
by MoMosMoProblems
Movies
5m
More to Explore
Quiz From the Vault
Featured Blog Post
Where Does Lost Luggage Go?
hide this ad
You Might Also Like...
Tags
Volleyball
Volleyball Teams
Today's Top Quizzes in Sports
Browse Sports
hide this ad
Top Contributed Quizzes in Sports
1
Les joueurs à 100 buts en Ligue 1 Uber Eats
2
2022 World Cup Stars
3
2024 March Madness Bracket
4
Millionaire: NBA Finals Edition
5
Players with Multiple 50 Home Run Seasons
6
Nickname Match: Athletes VI
7
Criteria MLB: Left Handed Sluggers
8
Iconic Moments in Football - Multiple Choice
9
NFL MVPs ordered
10
First NBA MVP by Team
Explore More
Trending Topics
Marvel
Disney
Kpop
Anime
Harry Potter
NBA
Crossword
Country
WWE
Puzzle
Soccer
The Office
NFL
Pokémon
Song
hide this ad
More By:
kalosz
Quiz
Plays
Rating
Category
Featured
Created
Mostostal
133
Sports
Apr 14, 2011
Resovia players
102
Sports
Apr 12, 2011
Go to Creator's Profile
Score Distribution
Quiz Creator Spotlight
kalosz
Follow
Send a Message
Quizzes Created
-
Created Quiz Play Count
-
More By This Creator
Popular Quizzes Today
1
Find the US States - No Outlines Minefield
2
Find the US States
3
The Countries of the World
4
10 Largest US States in Order
5
Find the Countries of Europe - No Outlines Minefield
6
US States
7
Guess the 'R' Things in 3 Words
8
NBA Finals Game Top Scorers (2010s)
More Sports Quizzes
Football League Playoff Finals Teams Between 2000 &2019
Editor's Pick
Trending Quizzes
First Name TV: Leading Men
Match the Book to the Film II
3-Word Movies in 1 Word II
First Name TV: Leading Women Drama
Match the Book to the Film VI
Recently Updated
Women's Final Four Teams by Year
bhenderson79
Presidents Quartet II
eogle
Anything But Clue(do)
eogle
Anything But Oceanian Capitals
eogle
Anything But 7
eogle
Anything But Thing
eogle
Word Ladder: February 29
pecheneg
Song Title Questions
pecheneg
Women's NCAA Tournament #1 Seeds
pecheneg
Celebrity Mug Shots
pecheneg
Trending Topics
NBA
Harry Potter
Disney
Anime
Crossword
Kpop
Marvel
WWE
Song
Country
The Office
Soccer
Pokémon
Puzzle
NFL
Your Account Isn't Verified!
In order to create a playlist on Sporcle, you need to verify the email address you used during registration. Go to your
Sporcle Settings
to finish the process.
Report this User
Report this user for behavior that violates our
Community Guidelines
.
Details:
Send Report
Go to the Sporcle.com Mobile Site →
Comments